000 01877nam a2200373 c 4500
003 BLK
005 20180422100810.0
008 180408b bul|||||r ||||||| ||bul||
010 _aKNG00044980000
020 _a978-954-91950-5-7
_bиздат.: Делова Седмица Консулт
040 _aBLK
041 _aBUL
_cBUL
072 7 _2bullib
_aН6202
_xСчетоводство Н
080 _aСчетоводство. Счетоводни системи и операции, водене на сметките, журнал-ордер и др.
_b657
_x(038.1)
_z657(038.1)
700 1 _aБожков, Васил
_eавт. на том
_9366008
700 1 _aАнгелова, Веселина
_eред. на том
_9365807
139 _aЕнциклопедия по счетоводство
_bЕ 67
245 1 0 _aЕнциклопедия по счетоводство
_bТ. 1 -
_cавт. на том Васил Божков; ред. на том Веселина Ангелова.
_nТ. 2
_pЛ - Я
257 _aBGR
260 София
_bДелова Седмица Консулт
_c2009 -
300 _c28 см
380 _a62
500 _aОфс. изд.
650 4 _aСчетоводство - терминология - речници
_9269960
653 _aсчетоводство
653 _aтерминологични речници
659 _aН
760 1 _d2011
_h312 с.
_nДруги авт. : В. Райчев, Г. Илиев, Д. Дурина, Евг. Рангелов, Ив. Дочев, Ив. Златков, Л. Дончева, Н. Костова, Р. Колева, С. Трифонова, Ст. Стоянов, Т. Рупска, Хр. Колева.
_tТ. 2 Л - Я
852 _aЦб ІІ 15763
856 4 _qpdf
_u
856 4 _qpdf
_u
942 _cKNG
_n0
944 _aCR
_c27.12.2011
_lф /
_kПенка_Димитрова
944 _aED
_c20.06.2013
_lф /
_k
999 _c41416
_d41416